Coordination chemistry : Experimental methods

Enregistré dans:
Détails bibliographiques
Auteur principal: Burger, K (Auteur)
Format: Livre
Langue:anglais
Publié: Budapest : Akadémiai Kiadó, 1973
Sujets:
Tags: Ajouter un tag
Pas de tags, Soyez le premier à ajouter un tag!

MARC

LEADER 00000nam a22000003a 4500
001 stu223269
005 20150617230123.3
008 110330s1973----hu------------------eng-d
040 |a STU  |b slo 
041 0 |a eng 
044 |a hu 
080 |a 539.1 
100 1 |a Burger, K  |4 aut 
245 1 |a Coordination chemistry :  |b Experimental methods 
260 |a Budapest :  |b Akadémiai Kiadó,  |c 1973 
300 |a 372 s 
650 7 |a atómová energetika  |2 stusub 
650 7 |a atómová fyzika  |2 stusub 
650 7 |a jadrová fyzika  |2 stusub 
996 |b E37231  |c E*37231  |l EE10  |s P  |a 0  |w stu223269_0001